banner-ar

ديكارت / (Record no. 42851)

MARC details
000 -الفاتح
حقل البيانات ثابتة الطول 00677nam a2200217Ia 4500
005 - وقت وتاريخ اخر تعامل مع التسجيلة
رقم الضبط 20240530103830.0
008 - عناصر البيانات ثابتة الطول - معلومات عامة
حقل البيانات ثابتة الطول 140319s9999 xx 000 0 ara d
040 ## - مصدر الفهرسة
وكالة الفهرسة الأصلية GCL /
وكالة النسخ GCL
082 04 - رقم تصنيف ديوى العشرى
رقم التصنيف 190
رقم المادة ك د
100 1# - المدخل الرئيسى - إسم شخصى
الإسم الشخصى حسن شحاته سعفان .
245 10 - بيان العنوان
العنوان ديكارت /
بيان المسئوليه,etc اندريه كرسون ؛ حسن شحاته سعفان ، محمد غنيمى هلال .
300 ## - الوصف المادى
التعداد 125 ص
490 ## - بيان السلسلة
عنوان السلسلة الالف كتاب
رقم المجلد/ التعيين التسلسلي 0
650 04 - المدخل الاضافى بالموضوع-مصطلح موضوعى
مصطلح موضوعي العصر الحديث
650 04 - المدخل الاضافى بالموضوع-مصطلح موضوعى
مصطلح موضوعي الفلسفة الغربية
650 04 - المدخل الاضافى بالموضوع-مصطلح موضوعى
مصطلح موضوعي ديكارت
700 1# - المدخل الاضافى - اسم شخصى
الإسم الشخصى محمد غنيمى هلال(مراجع)
700 1# - المدخل الاضافى - اسم شخصى
الإسم الشخصى كرسون, اندرية
942 ## - عناصر المدخل الإضافي( كوها)
مصدر التصنيف او مخطط الترفيف Dewey Decimal Classification
Koha [default] item type كتاب
Holdings
حالة التراجع حالة الفقد حالة تلف ليس للاعارة المكان المؤقت الموقع الحالى تاريخ الاكتساب اجمالي اﻻعارات رقم الطلب الباركود تاريخ اخر مشاهدة تاريخ تفعيل السعر نوع وعاء كوها
        مكتبة القاهرة الكبرى مكتبة القاهرة الكبرى 03/26/2014   190\ك د 103509 03/26/2014 03/26/2014 كتاب

Powered By

EGPV